02707cam a2200553 i 4500001001200000003000600012005001700018008004100035020004800076035002200124035002300146040007000169045001700239046002100256245033900277260011000616300004400726336002700770337005400797338002800851380001600879380002300895388001400918388001400932388001000946490004600956490012701002504004701129600006001176610003201236610008501268648001901353648001901372650001701391650003601408650001701444650002801461650011101489650008501600651004801685655002001733655003501753658001301788658002801801700005701829710012701886830004602013830009402059xx004899333NUKAT20260429145123.0200703s2020 pl a |001 0 pol c a9788380988873q(oprawa twarda) :czł 35.00 a(OCoLC)1164130006 a(NUKAT)xx004899333 aKR 253/MDbpolerdacKR 253/MDdWA U/ISsdWR O/KBsdOLSZT 008/bak2 bd1946bd1948 k2020o1946p194800aProtokoły wizytacji kanonicznych przeprowadzonych przez biskupa lubelskiego Stefana Wyszyńskiego w parafiach na terenach obecnej diecezji zamojsko-lubaczowskiej 1946-1948 /czebrał, opracował i wstępem poprzedził bp Mariusz Leszczyński ; Instytut Pamięci Narodowej. Komisja Ścigania Zbrodni Przeciwko Narodowi Polskiemu. aWarszawa :bInstytut Pamięci Narodowej. Komisja Ścigania Zbrodni Przeciwko Narodowi Polskiemu,c2020. a335, [1] strona :bilustracje ;c21 cm. aTekstbtxt2rdacontent aBez urządzenia pośredniczącegobn2rdamedia aWoluminbnc2rdacarrier aKsiążki aPublikacje naukowe1 a1901-20001 a1945-19891 a2001-1 aBiskupi w Realiach Komunistycznej Władzy1 aCentralny Projekt Badawczy IPN - Władze Komunistyczne wobec Kościołów i Związków Wyznaniowych w Polsce 1944-1989 aBibliografia na stronach 308-321. Indeksy.07aStefan Wyszyńskic(błogosławiony ;d1901-1981)2DBN27aKościół katolicki2DBN27aEcclesia Catholica.bDiecezja Zamojsko-Lubaczowskaxhistoriavźródła.2kaba 7a1901-20002DBN 7a1945-19892DBN 7aBiskupi2DBN 7aDuchowieństwo katolickie2DBN 7aParafie2DBN 7aWizytacja biskupia2DBN 7aWizytacje kanonicznezPolskazZamość (województwo lubelskie ; region)y1945-1970vźródła.2kaba 7aWizytacje kanonicznezPolskazLubaczów (region)y1945-1970vźródła.2kaba 7aDiecezja zamojsko-lubaczowska (obszar)2DBN 7aProtokoły2DBN 7aWydawnictwo źródłowe2DBN aHistoria aReligia i duchowość1 aLeszczyński, Mariuszd(1957- ).eRedakcjaeWstęp2 aInstytut Pamięci Narodowej - Komisja Ścigania Zbrodni przeciwko Narodowi Polskiemu.eInstytucja sprawczaeWydawca4pbl 0aBiskupi w Realiach Komunistycznej Władzy 0aWładze Komunistyczne wobec Kościołów i Związków Wyznaniowych w Polsce 1944-1989